000 00826cam a2200289 4500
008 090401t1992 xxu||||| |||| 00| 0 eng d
020 _a0632028173
035 _a(Sirsi) u72412
041 _aeng
050 _a692.8
110 _aAqua Group
_9865
245 _aPre-contract practice for the building team.
250 _a8th ed.
260 _aOxford
_bBlackwell Scientific Publications
_c1992
300 _aix,111p. : ill. ; 24cm.
350 _a11.99
520 _aSUPERSEDED BY 9TH EDITION (ISBN 0632054859)
650 _aBILL OF QUANTITY
650 _aBUILT ENVIRONMENT-BUILDING CONTRACT FORMS
650 _aESTIMATING
650 _aPRE-CONTRACT PRACTICE
650 _aSPECIFICATION
650 _aTENDERING
690 _aBUILT ENVIRONMENT-BUILDING CONTRACT FORMS
942 _n0
948 _c04/03/1997
999 _c95504
_d95504